| 000 | 01615nam a2200241Ia 4500 | ||
|---|---|---|---|
| 003 | Ost | ||
| 005 | 20260416102351.0 | ||
| 008 | 260416s9999||||xx |||||||||||||| ||und|| | ||
| 040 | _cfsecg | ||
| 041 | _aara | ||
| 082 | _a657 | ||
| 100 |
_aدغموم، هشام _eمؤلف |
||
| 245 | 0 |
_aمحاضرات وتمارين محلولة في المحاسبة المالية وفقا للنظام المحاسبي المالي SCF والمعايير الدولية للمحاسبة (IAS/IFRS) / _c هشام دغموم |
|
| 260 |
_aالجزائر _bجامعة الجزائر3: كلية العلوم الإقتصادية، العلوم التجارية وعلوم التسيير _c2016 |
||
| 300 |
_a188 ورقة _bايضاحات _c30 سم |
||
| 504 | _aمراجع ص.187 | ||
| 520 | _aالاطار المفاهيمي والفكري للمحاسبة المالية، الدورة المحاسبية، دراسة الميزانية العامة وتغيراتها، المعالجة المحاسبية للأموال الخاصة، المعالجة المحاسبية للخصوم، المعالجة المحاسبية للأصول الثابثة، المعالجة المحاسبية للمخزونات، المعالجة المحاسبية لحسابات الغير المعبرة عن الأصول المتداولة | ||
| 653 | _aالمحاسبة | ||
| 653 | _aالمحاسبة التحليلية | ||
| 653 | _aالميزانية | ||
| 710 |
_aجامعة الجزائر3: كلية العلوم الإقتصادية، العلوم التجارية وعلوم التسيير _eناشر علمي |
||
| 942 | _cHANDOUT | ||
| 999 |
_c41003 _d41003 |
||